| 000 | 00941nmm a2200289 a 4500 | ||
|---|---|---|---|
| 001 | ocm0001864987 | ||
| 003 | TR-IsHL | ||
| 005 | 20201028172307.0 | ||
| 008 | 180520s2016 tu tur | ||
| 007 | cr cn | ||
| 020 | _a9786051362946 | ||
| 035 |
_a1864987 _b(N$T) |
||
| 050 | 0 | 4 |
_aTR800 _b.C36 2016 |
| 090 | 0 | 4 |
_aTR800 _b.C36 2016 |
| 100 | 1 | _aCan, Alp | |
| 245 | 1 | 0 |
_aAquagraphs: suya ışıkla yazılanlar = _bAquagraphs: lights written on water _h[electronic resource] / _cAlp Can |
| 250 | _aBirinci basım | ||
| 260 |
_aAnkara : _bAnkara Üniversitesi Yayınevi, _c2016 |
||
| 300 | _a477 p. | ||
| 500 |
_aKaynakça var. _x |
||
| 650 | 4 | _aGenel Çalışmalar | |
| 650 | 4 | _aGeneral Works | |
| 650 | 0 | _aSualtı fotoğrafçılığı | |
| 650 | 0 | _aUnderwater photography | |
| 650 | 7 |
_aPHOTOGRAPHY / General _2bisacsh |
|
| 856 | 4 | 0 | _uhttp://search.ebscohost.com/login.aspx?direct=true&scope=site&db=e011xww&AN=1864987 |
| 999 |
_c17127 _d17127 |
||